CP/M-86 user's guide / (Record no. 179801)
[ view plain ]
| 000 -LEADER | |
|---|---|
| fixed length control field | 00983 a2200205 4500 |
| 003 - CONTROL NUMBER IDENTIFIER | |
| control field | Nust |
| 005 - DATE AND TIME OF LATEST TRANSACTION | |
| control field | 20230516104119.0 |
| 010 ## - LIBRARY OF CONGRESS CONTROL NUMBER | |
| LC control number | 84027341 |
| 020 ## - INTERNATIONAL STANDARD BOOK NUMBER | |
| International Standard Book Number | 0881341436 (pbk.) : |
| 040 ## - CATALOGING SOURCE | |
| Transcribing agency | Nust |
| 082 00 - DEWEY DECIMAL CLASSIFICATION NUMBER | |
| Classification number | 001.642,SAC |
| 100 1# - MAIN ENTRY--PERSONAL NAME | |
| Personal name | Sachs, Jonathan. |
| 9 (RLIN) | 112237 |
| 245 14 - TITLE STATEMENT | |
| Title | CP/M-86 user's guide / |
| Statement of responsibility, etc. | Jonathan Sachs. |
| 260 ## - PUBLICATION, DISTRIBUTION, ETC. | |
| Place of publication, distribution, etc. | Berkeley, Calif. : |
| Name of publisher, distributor, etc. | Osborne McGraw-Hill, |
| Date of publication, distribution, etc. | c1985. |
| 300 ## - PHYSICAL DESCRIPTION | |
| Extent | viii, 568 p. : |
| Other physical details | ill. ; |
| Dimensions | 24 cm. |
| 505 ## - FORMATTED CONTENTS NOTE | |
| Formatted contents note | Introduction (Page-vii), CP/M and Your Computer (Page-1), Getting Started (Page-15), More About Your System (Page-43), More About files (Page-65), DR EDIX a Text Editor (Page-91), Making Backups (Page-117), Printing Data in CP/M (Page-141), Advanced System Features (Page-187), Concurrent Operations (Page-233), Communicating with Other Computers (Page-275), DR/NET the Digital Research Local Area Network (Page-309). |
| 710 2# - ADDED ENTRY--CORPORATE NAME | |
| Corporate name or jurisdiction name as entry element | Osborne/McGraw-Hill. |
| 9 (RLIN) | 112238 |
| 740 0# - ADDED ENTRY--UNCONTROLLED RELATED/ANALYTICAL TITLE | |
| Uncontrolled related/analytical title | CP/M-86 user's guide. |
| 942 ## - ADDED ENTRY ELEMENTS (KOHA) | |
| Source of classification or shelving scheme | |
| Koha item type | Book Bank |
| Call number prefix | 001.642,SAC |
| Withdrawn status | Lost status | Source of classification or shelving scheme | Damaged status | Not for loan | Permanent Location | Current Location | Shelving location | Date acquired | Full call number | Barcode | Date last seen | Price effective from | Koha item type | Public note |
|---|---|---|---|---|---|---|---|---|---|---|---|---|---|---|
| Military College of Signals (MCS) | Military College of Signals (MCS) | General Stacks | 12/12/2016 | 001.642,SAC | MCS1858 | 12/08/2016 | 12/12/2016 | Book | Almirah No.79, Shelf No.1 |
